000 00501nam a2200193 a 4500
001 1774864617216
003 YourLibrary
005 20260330153037.0
008 260330s1992##################000#0#eng##
020 _a9780062500175
082 0 4 _a359
_bAND
100 1 _aAnderson, Walter Truet,
_eauthor.
245 1 0 _aReality Isn't What It Used to Be :
260 _bHarperOne,
_c1992.
300 _a304 pages
650 0 _aSelf-Help.
942 _cENGLISH
040 _aYourLibrary
_beng
_cYourLibrary
999 _c618325
_d618325